Welche Stadt mit A? - Statistiken

Allgemein
  • Dieses Quiz wurde 114 mal gespielt
  • Das Durchschnittsergebnis liegt bei 15 aus 25
Antwortstatistiken
Hinweis Stadt % Korrekt
geschichtlich antik geprägte Stadt bekannt für die Akropolis Athen
100%
Stadt mit einem Grachtensystem, beherbergt das Van-Gogh-Museum und ist "Drogenhauptstadt Europas" Amsterdam
97%
benannt nach Alexander dem Großen Alexandria
89%
eine der ältesten Städte Deutschlands; am Lech gelegen Augsburg
85%
westlichste deutsche Großstadt, an Belgien und die Niederlande grenzend Aachen
84%
am Mittelmeer gelegene Hauptstadt Afrikas flächenmäßig größten Staates Algier
84%
Mausoleum von Atatürk; Angoraziegen haben ihren Namen von dieser Stadt Ankara
83%
Das sich hier befindende Emirates Palace Hotel ist eines der teuersten Hotels der Welt Abu Dhabi
75%
Texanische Hauptstadt Austin
74%
hier befindet sich der größte Flughafen der Welt gemessen an der Passagieranzahl Atlanta
73%
südamerikanische Hauptstadt Asunción
71%
zweitgrößter Hafen in Europa, weltweit wichtigstes Verarbeitungs- undHandelszentrum von Diamanten Antwerpen
70%
zweitgrößte Stadt Dänemarks Aarhus
69%
naturverbundene Millionenstadt Ozeaniens, der Sky Tower befindet sich hier Auckland
69%
die bekannteste Sehenswürdigkeit der bayerischen Stadt ist das SchlossJohannisburg Aschaffenburg
56%
benannt nach der britischen Königin Adelheid von Sachsen-Meiningen Adelaide
48%
Größte Stadt Alaskas Anchorage
48%
Schweizer Mittelstadt, Hauptort des fast gleichnamigen Kantons Aarau
45%
Stadt der Päpste Avignon
44%
spanische Hafenstadt an der Costa Blanca Alicante
42%
Mit über 2.300 Metern über dem Meeresspiegel höchste Hauptstadt Afrikas Addis Abeba
40%
ehemalige Hauptstadt der kasachischen SSR Almaty
37%
Hier spielt die Fernsehserie Breaking Bad Albuquerque
27%
Ölhauptstadt Europas, auch "Silver City" genannt Aberdeen
19%
Größte mit A beginnende Stadt Ahmedabad
19%
Keine übereinstimmenden Quizze gefunden
Verteilung der Resultate
Anzahl Personen mit jedem Resultat
Perzentil nach korrekt beantworteten Fragen
Ihre Resultats-Entwicklung
Sie haben dieses Quiz noch nicht gespielt